00926nam a2200193Ia 4500008004100000020001500041050002100056100003500077245009200112250001800204260003500222300001800257500007000275500003500345505025400380650005200634650002600686650002000712120626s 2009mx 000 0 spa d a9700773636 aKGF409bR65 2009 aRojina Villegas, Rafaeleautor aDerecho civil mexicano, tomo Ic / Rafael Rojina Villegasb : Introducción y personas a14a edición aMéxicob : Porrúac , 2009 a513 páginas aEducación Mixta Derecho / Derecho Civil I (P02-2) / (17 001114) aIncluye: Índice de contenido aLa definición del derecho y sus problemas capitales Los conceptos jurídicos fundamentales Los conceptos jurídicos fundamentales según Kelsen Teoría general de la norma jurídica Teoría general del acto jurídico Derecho de las personas14aDERECHO CIVILzMÉXICOxTEORÍA - ENSEÑANZA 0aCONCEPTOS JURÍDICOS 0aACTO JURÍDICO